International Business / (Record no. 14977)
[ view plain ]
| 000 -LEADER | |
|---|---|
| fixed length control field | 01045cam a2200301 a 4500 |
| 001 - CONTROL NUMBER | |
| control field | 15500043 |
| 005 - DATE AND TIME OF LATEST TRANSACTION | |
| control field | 20141123152135.0 |
| 008 - FIXED-LENGTH DATA ELEMENTS--GENERAL INFORMATION | |
| fixed length control field | 081027t2010 xxua frbd 001 0deng d |
| 010 ## - LIBRARY OF CONGRESS CONTROL NUMBER | |
| LC control number | 2008047089 |
| 020 ## - INTERNATIONAL STANDARD BOOK NUMBER | |
| International Standard Book Number | 0135072271 |
| 020 ## - INTERNATIONAL STANDARD BOOK NUMBER | |
| International Standard Book Number | 9780135072271 |
| 040 ## - CATALOGING SOURCE | |
| Original cataloging agency | DLC |
| Transcribing agency | DLC |
| Modifying agency | BTCTA |
| -- | YDXCP |
| -- | C#P |
| -- | BWX |
| -- | CDX |
| -- | DLC |
| -- | EG-ScBUE |
| 082 00 - DEWEY DECIMAL CLASSIFICATION NUMBER | |
| Edition number | 22 |
| Classification number | 658.049 |
| Item number | GRI |
| 100 1# - MAIN ENTRY--PERSONAL NAME | |
| Personal name | Griffin, Ricky W. |
| 9 (RLIN) | 22441 |
| 245 10 - TITLE STATEMENT | |
| Title | International Business / |
| Statement of responsibility, etc | Ricky W. Griffin, Michael W. Pustay. |
| 250 ## - EDITION STATEMENT | |
| Edition statement | 6th ed., |
| Remainder of edition statement | global Edition |
| 260 ## - PUBLICATION, DISTRIBUTION, ETC. (IMPRINT) | |
| Place of publication, distribution, etc | Boston, United States : |
| Name of publisher, distributor, etc | Prentice Hall, |
| Date of publication, distribution, etc | c.2010. |
| 300 ## - PHYSICAL DESCRIPTION | |
| Extent | 654 p. : |
| Other physical details | ill. (col.) ; |
| Dimensions | 29 cm. |
| 500 ## - GENERAL NOTE | |
| General note | Includes indexes. |
| 500 ## - GENERAL NOTE | |
| General note | Glossary : p. 625-637. |
| 500 ## - GENERAL NOTE | |
| General note | Includes : MyIBlab : teach more, lecture less-ISBN 9780137030835. |
| 504 ## - BIBLIOGRAPHY, ETC. NOTE | |
| Bibliography, etc | Includes bibliographical references. |
| 650 #0 - SUBJECT ADDED ENTRY--TOPICAL TERM | |
| Topical term or geographic name as entry element | International business enterprises |
| General subdivision | Management |
| 9 (RLIN) | 4507 |
| 653 ## - INDEX TERM--UNCONTROLLED | |
| Resource For college | BAEPS, Business Administration |
| Arrived date list | November2014 |
| 655 ## - INDEX TERM--GENRE/FORM | |
| Form subdivision | |
| -- | 33728 |
| 700 1# - ADDED ENTRY--PERSONAL NAME | |
| Personal name | Pustay, Michael W. |
| 9 (RLIN) | 22443 |
| 942 ## - ADDED ENTRY ELEMENTS (KOHA) | |
| Source of classification or shelving scheme | Dewey Decimal Classification |
| Item type | Book - Borrowing |
| Call number prefix | 658.049 GRI |
| Withdrawn status | Item status | Source of classification or shelving scheme | Damaged status | Not for loan | Vendor | Home library | Current library | Shelving location | Date acquired | Source of acquisition | Total Checkouts | Full call number | Barcode | Date last seen | Date last borrowed | Koha item type | Total Renewals | Checked out | Cost, normal purchase price | Cost, replacement price |
|---|---|---|---|---|---|---|---|---|---|---|---|---|---|---|---|---|---|---|---|---|
| Dewey Decimal Classification | Baccah | Central Library | Central Library | First floor | 09/03/2011 | 5 | 658.049 GRI | 000022649 | 15/07/2025 | 08/05/2013 | NB - Book (Non borrowing) | |||||||||
| Lost | Dewey Decimal Classification | Baccah | Central Library | Central Library | First floor | 09/03/2011 | 7 | 658.049 GRI | 000022648 | 21/07/2013 | 21/07/2013 | Book - Borrowing | 4 | 30/09/2013 | ||||||
| Dewey Decimal Classification | Baccah | Central Library | Central Library | First floor | 23/11/2014 | 1 | 658.049 GRI | 000037046 | 15/07/2025 | 17/12/2014 | Book - Borrowing | 6 | 260.00 | 325.00 | ||||||
| Dewey Decimal Classification | Baccah | Central Library | Central Library | First floor | 23/11/2014 | 5 | 658.049 GRI | 000037047 | 15/07/2025 | 18/10/2021 | Book - Borrowing | 25 | 260.00 | 325.00 | ||||||
| Dewey Decimal Classification | Baccah | Central Library | Central Library | First floor | 23/12/2014 | 2 | 658.049 GRI | 000029793 | 15/07/2025 | 13/01/2016 | Book - Borrowing | 2 | 260.00 | 325.00 |